| 000 | 00728cam a2200181 i 4500 | ||
|---|---|---|---|
| 005 | 20260202103626.0 | ||
| 008 | 250721s2008 jo gr 000 0 ara d | ||
| 082 | 1 | 4 |
_a371.425 _bق ر ع |
| 100 | 1 |
_aالقرعان، أحمد خليل _eمؤلف. |
|
| 245 | 1 | 2 |
_aالتوجيه والإرشاد المهني / _cتأليف أحمد خليل القرعان. |
| 250 | _aالطبعة الأولى. | ||
| 264 | 3 | 1 |
_aعمان : _bدار حمورابي للنشر والتوزيع ؛ _bدار بنان أبو عيد للنشر والتوزيع، _c2008. |
| 300 | _a232 صفحة. | ||
| 650 | 1 | 7 | _aالتوجيه المهني. |
| 650 | 1 | 7 | _aالاختيار المهني. |
| 942 |
_2ddc _cBK |
||
| 999 |
_c112728 _d112728 |
||